ARRUPE JESUIT UNIVERSITY

CORONAVIRUS -STOP THE SPREAD - CLEAN,DISINFECT,COVER

A select collection of Catholick sermons (Record no. 126060)

MARC details
000 -LEADER
fixed length control field 00394nam a22001337a 4500
005 - DATE AND TIME OF LATEST TRANSACTION
control field 20170220075259.0
008 - FIXED-LENGTH DATA ELEMENTS--GENERAL INFORMATION
fixed length control field 170208b xxu||||| |||| 00| 0 eng d
050 ## - LIBRARY OF CONGRESS CALL NUMBER
Classification number SPC BX1756.S464
100 ## - MAIN ENTRY--PERSONAL NAME
Personal name Ellis, Phil (ed.)
9 (RLIN) 28659
245 ## - TITLE STATEMENT
Title A select collection of Catholick sermons
Statement of responsibility, etc by Ellis, Phil (et al)
260 ## - PUBLICATION, DISTRIBUTION, ETC. (IMPRINT)
Place of publication, distribution, etc London
Name of publisher, distributor, etc IHS
Date of publication, distribution, etc 1741-1742
300 ## - PHYSICAL DESCRIPTION
Extent 2v, 446p.;
Dimensions 22cm.
942 ## - ADDED ENTRY ELEMENTS (KOHA)
Source of classification or shelving scheme Library of Congress Classification
Item type SPC
Holdings
Withdrawn status Lost status Source of classification or shelving scheme Damaged status Not for loan Collection code Home library Current library Shelving location Date acquired Total Checkouts Full call number Barcode Date last seen Copy number Price effective from Koha item type
    Library of Congress Classification     Main Collection ARRUPE LIBRARY ARRUPE LIBRARY Main Collection 08/02/2017   SPC BX1756.S464 46500024065 08/02/2017 1 08/02/2017 SPC
    Library of Congress Classification     Main Collection ARRUPE LIBRARY ARRUPE LIBRARY Main Collection 08/02/2017   SPC BX1756.S464 46500024066 05/07/2018 2 08/02/2017 SPC

 

Arrupe Library. PO Box MP320 Mt Pleasant, Harare, Zimbabwe
263 242 745411|librarian@aju.ac.zw